000
00230nam a22001097a 4500
082
_a
823
_b
VAS/R
245
_a
RUMBLE IN THE JINGLE
260
_b
VASAN
520
_a
ENGLISH SHORT STORY
650
_a
ENGLISH SHORT STORY
942
_c
BK
999
_c
5446
_d
5446